Statistics for All NXT North American Champions updated

Click here to take the quiz!

General Stats

  • This quiz has been taken 61 times
    (24 since last reset)
  • The average score is 16 of 20

Answer Stats

HintAnswer% Correct
10/12/20211Carmelo Hayes
100%
06/04/20222Carmelo Hayes
100%
01/22/20201Keith Lee
100%
10/22/20221Wes Lee
100%
04/07/20181Adam Cole
91%
07/18/20231Dominik Mysterio
91%
10/03/20232Dominik Mysterio
91%
10/28/20202Johnny Gargano
91%
12/06/20203Johnny Gargano
91%
01/26/20191Johnny Gargano
91%
09/30/20231Trick Williams
91%
01/30/20191Velveteen Dream
91%
08/18/20181Ricochet
82%
09/18/20191Roderick Strong
82%
05/18/20211Bronson Reed
64%
08/22/20201Damian Priest
64%
06/29/20211Isaiah "Swerve" Scott
55%
11/11/20201Leon Ruff
55%
04/02/20221Cameron Grimes
45%
09/13/20221Solo Sikoa
45%

Score Distribution

Percentile by Number Answered

Percent of People with Each Score

Your Score History

You have not taken this quiz since the last reset